| 000 | 00803nam a2200229 a 4500 | ||
|---|---|---|---|
| 005 | 20210219160204.0 | ||
| 008 | 080924s1977 mx r 000 0 spa d | ||
| 020 | _a9232014327 | ||
| 035 | _aUPN01000160502 | ||
| 049 | _aUNE | ||
| 080 | _a659.3: 3 9100)=40 BER. | ||
| 100 | 1 | _aBerrigan, Frances J. | |
| 245 | 1 | 3 |
_aL' ès à la communication : _bquelques modèles occidentaux de media communautaires / _cFrances J. Berrigan. |
| 260 |
_aParís : _bUNESCO, _c1977. |
||
| 300 | _a263 p. | ||
| 500 | _aIncluye bibliografía | ||
| 690 | _aMedios de Comunicación de masas - Programas de radiodifusión | ||
| 690 | _aEnseñanza por multimedios - Administración de la comunicación | ||
| 690 | _aOrganización de radiodifusión - Participación del público | ||
| 710 | 2 | _aUNESCO | |
| 905 | _aUNESCO | ||
| 999 |
_c132615 _d132615 |
||